000 00608nam a2200229Ia 4500
003 OSt
005 20220928130010.0
006 a|||||r|||| 00| 0
007 ta
008 220927b |||||||| |||| 00| 0 eng d
024 _a37285
037 _cTextual
040 _aSDCL
_cSDCL
_beng
041 _2eng
_aeng
082 _aQ6wC9, N7
100 _aRaghuvansh
_9396855
245 0 _aMaanav putr Isaa
_bJeevan aur darshan.
260 _aAllahabad
_bLokbharati Prakashan
_c1997
300 _axx,281p.
_ccm.
942 _hQ6wC9, N7
_cTEXL
_2CC
999 _c785034
_d785034